Online
Catalog

Casualty claim practice / (Record no. 12106)

MARC details
000 -CABECERA
campo de control de longitud fija 00918cam a2200265 a 4500
001 - NÚMERO DE CONTROL
campo de control 000012449
005 - FECHA Y HORA DE LA ÚLTIMA TRANSACCIÓN
campo de control 20200929163026.0
008 - DATOS DE LONGITUD FIJA--INFORMACIÓN GENERAL
campo de control de longitud fija 761029s1976 ilua 001 0 eng
020 ## - NÚMERO INTERNACIONAL ESTÁNDAR DEL LIBRO
Número Internacional Estándar del Libro 0256018782
035 ## - NÚMERO DE CONTROL DEL SISTEMA
Número de control de sistema (DLC) 76008141
040 ## - FUENTE DE LA CATALOGACIÓN
Centro catalogador/agencia de origen DO-SdBNP
Centro/agencia transcriptor DLC
Centro/agencia modificador BNPHU
050 00 - SIGNATURA TOPOGRÁFICA DE LA BIBLIOTECA DEL CONGRESO
Número de clasificación KF1215
Número de documento/Ítem .D6 1976
082 ## - NÚMERO DE LA CLASIFICACIÓN DECIMAL DEWEY
Número de clasificación 346.73/0865014
-- 347.306865014
Número de documento/Ítem 19
-- D676c, 1976
049 ## - FONDOS LOCALES (OCLC)
Fondos de biblioteca BNGR
100 1# - ENTRADA PRINCIPAL--NOMBRE DE PERSONA
Nombre de persona Donaldson, James H.,
Fechas asociadas al nombre 1906-
9 (RLIN) 29173
245 10 - MENCIÓN DE TÍTULO
Título Casualty claim practice /
Mención de responsabilidad, etc. James H. Donaldson ; editor, Davis W. Gregg.
250 ## - MENCIÓN DE EDICIÓN
Mención de edición 3a ed.
260 ## - PUBLICACIÓN, DISTRIBUCIÓN, ETC.
Lugar de publicación, distribución, etc. Homewood, Illinois :
Nombre del editor, distribuidor, etc. Richard D. Irwin,
Fecha de publicación, distribución, etc. 1976.
300 ## - DESCRIPCIÓN FÍSICA
Extensión xxiii, 968 p. :
Otras características físicas il. ;
Dimensiones 24 cm.
490 1# - MENCIÓN DE SERIE
Mención de serie Insurance and economic security
650 #0 - PUNTO DE ACCESO ADICIONAL DE MATERIA--TÉRMINO DE MATERIA
Término de materia o nombre geográfico como elemento de entrada Casualty insurance claims
Subdivisión geográfica United States.
9 (RLIN) 29174
700 1# - PUNTO DE ACCESO ADICIONAL--NOMBRE DE PERSONA
Nombre de persona Gregg, Davis W.,
Término indicativo de función/relación ed.
9 (RLIN) 29175
830 #0 - PUNTO DE ACCESO ADICIONAL DE SERIE-TÍTULO UNIFORME
Título uniforme Irwin series in insurance and economic security.
9 (RLIN) 29176
910 ## - DATOS DE OPCIÓN DEL USUARIO (OCLC)
Datos de opción del usuario Catalogación por copia / LC
Holdings
Estado de retiro Estado de pérdida Restricciones de uso No para préstamo Código de colección Localización permanente Ubicación/localización actual Ubicación en estantería Fecha de adquisición Número de inventario Total de préstamos Signatura topográfica completa Código de barras Fecha visto por última vez Precio válido a partir de Tipo de ítem Koha
    Préstamo interno   Monografías: Libros y Folletos General General En catalogación 12.11.2009 LF1   346.73/0865014 347.306865014 19 D676c, 1976 12449-10 25.06.2020 25.06.2020 Préstamo interno

Powered by Koha